[Event "Gornozavodsk op"]
[Site "Gornozavodsk"]
[Date "2010.11.06"]
[Round "7"]
[White "Povarnizyn, Dmitry"]
[Black "Shumilov, Kirill"]
[Result "0-1"]
[WhiteElo "2085"]
[BlackElo "2196"]
[PlyCount "66"]
[EventDate "2010.11.01"]
[EventType "swiss"]
[EventRounds "10"]
[EventCountry "RUS"]
[SourceTitle "EXT 2012"]
[Source "ChessBase"]
[SourceDate "2011.11.24"]
[SourceVersion "1"]
[SourceVersionDate "2011.11.24"]
[SourceQuality "1"]

1. e4 e6 2. d3 d5 3. Nd2 e5 4. Ngf3 Nc6 5. Be2 g6 6. 0-0 Bg7 7. c3 Nge7 8. Re1 0-0 9. Bf1 h6 10. a4 a5 11. Qb3 Be6 12. exd5 Bxd5 13. Qc2 f5 14. Nc4 Bxc4 15. dxc4 e4 16. Nd2 Ne5 17. f3 exf3 18. Nxf3 Nxf3+ 19. gxf3 Nc6 20. Bf4 g5 21. Be3 Ne5 22. Kg2 Qf6 23. Rad1 Qg6 24. Kh1 Nxf3 25. Re2 g4 26. Rg2 Be5 27. Bd4 Qh5 28. Bxe5 Nxe5 29. Bd3 f4 30. Bh7+ Kh8 31. Qe4 f3 32. Rf2 g3 33. Rfd2 f2 0-1

[Event "Izhevsk op-B"]
[Site "Izhevsk"]
[Date "2010.07.18"]
[Round "4"]
[White "Povarnizyn, Dmitry"]
[Black "Shurunov, Andrei"]
[Result "0-1"]
[WhiteElo "2085"]
[BlackElo "1902"]
[PlyCount "76"]
[EventDate "2010.07.15"]
[EventType "swiss"]
[EventRounds "9"]
[EventCountry "RUS"]
[SourceTitle "EXT 2011"]
[Source "ChessBase"]
[SourceDate "2010.11.26"]
[SourceVersion "1"]
[SourceVersionDate "2010.11.26"]
[SourceQuality "1"]

1. e4 c5 2. Nf3 e6 3. d3 Nc6 4. g3 g6 5. Bg2 Bg7 6. 0-0 Nge7 7. Nbd2 0-0 8. Nh4 a6 9. a4 d5 10. f4 Rb8 11. g4 f5 12. gxf5 gxf5 13. e5 Ng6 14. Nxg6 hxg6 15. Nf3 b5 16. axb5 axb5 17. Be3 Qe7 18. Qe1 Nb4 19. Qf2 d4 20. Bc1 Bb7 21. Ng5 Bh6 22. Ra7 Bxg5 23. fxg5 Rf7 24. Rd1 Qc7 25. c3 Nc6 26. Ra1 dxc3 27. bxc3 Nxe5 28. Bf4 Nf3+ 29. Qxf3 e5 30. Ra7 Bxf3 31. Rxc7 Rxc7 32. Bxe5 Bxd1 33. Bxc7 Rc8 34. Bd6 Rd8 35. Bxc5 Rxd3 36. Bb4 Bb3 37. Kf2 Rd2+ 38. Kg3 f4+ 0-1

[Event "Gornozavodsk Europe-Asia op"]
[Site "Gornozavodsk"]
[Date "2009.11.11"]
[Round "?"]
[White "Turov, Vladimir"]
[Black "Povarnizyn, Dmitry"]
[Result "1/2-1/2"]
[WhiteElo "2113"]
[BlackElo "2067"]
[PlyCount "118"]
[EventDate "2009.11.07"]
[EventType "swiss"]
[EventRounds "11"]
[EventCountry "RUS"]
[SourceTitle "EXT 2012"]
[Source "ChessBase"]
[SourceDate "2011.11.24"]
[SourceVersion "1"]
[SourceVersionDate "2011.11.24"]
[SourceQuality "1"]

1. d4 f5 2. g3 Nf6 3. Bg2 g6 4. Nh3 Bg7 5. 0-0 0-0 6. c4 d6 7. d5 Qe8 8. Nf4 c6 9. Nc3 e5 10. dxe6 Bxe6 11. Nxe6 Qxe6 12. Qb3 Qe7 13. Rd1 Na6 14. Bf4 Rfd8 15. Rxd6 Rxd6 16. Bxd6 Qf7 17. e4 fxe4 18. Nxe4 Nxe4 19. Bxe4 Rd8 20. Rd1 Qe6 21. Bf3 Rd7 22. Kg2 Kh8 23. Bf4 Rxd1 24. Bxd1 b5 25. cxb5 Qxb3 26. axb3 cxb5 27. Be2 Nc5 28. Bd1 Bxb2 29. Be3 Ba3 30. Kf3 a5 31. Bd4+ Kg8 32. Bc3 a4 33. b4 Na6 34. Be2 Bxb4 35. Be5 Nc5 36. Bxb5 a3 37. Bc4+ Kf8 38. h4 Nd7 39. Bd4 Bc5 40. Bc3 Ke7 41. h5 Nf6 42. hxg6 hxg6 43. Ba1 Nd7 44. g4 Nf8 45. Bc3 Ne6 46. Be5 Bd4 47. Bg3 Kf6 48. Ke4 Bb2 49. f4 Nc5+ 50. Kd5 Na4 51. Bh4+ Kg7 52. Ke6 Nc3 53. f5 gxf5 54. gxf5 Ne4 55. Bd5 Bf6 56. Be1 Nc3 57. Bc4 a2 58. Bxa2 Nxa2 59. Bd2 Bb2 1/2-1/2

[Event "Gornozavodsk Europe-Asia op"]
[Site "Gornozavodsk"]
[Date "2009.11.10"]
[Round "?"]
[White "Ivanov, Nikolay A"]
[Black "Povarnizyn, Dmitry"]
[Result "1/2-1/2"]
[WhiteElo "1942"]
[BlackElo "2067"]
[PlyCount "33"]
[EventDate "2009.11.07"]
[EventType "swiss"]
[EventRounds "11"]
[EventCountry "RUS"]
[SourceTitle "EXT 2012"]
[Source "ChessBase"]
[SourceDate "2011.11.24"]
[SourceVersion "1"]
[SourceVersionDate "2011.11.24"]
[SourceQuality "1"]

1. c4 c6 2. Nf3 d5 3. cxd5 cxd5 4. d4 Nf6 5. Nc3 a6 6. Bf4 Nc6 7. Rc1 Bf5 8. e3 Rc8 9. Be2 e6 10. Ne5 Be7 11. 0-0 0-0 12. h3 Nd7 13. g4 Bg6 14. Nd3 f6 15. Bg3 Kh8 16. f4 Bd6 17. Bf3 1/2-1/2

[Event "Europe-Asia op"]
[Site "Perm"]
[Date "2008.11.??"]
[Round "11"]
[White "Guliaev, Viktor"]
[Black "Povarnizyn, Dmitry"]
[Result "1/2-1/2"]
[WhiteElo "2093"]
[BlackElo "2088"]
[PlyCount "37"]
[EventDate "2008.11.10"]
[EventType "swiss"]
[EventRounds "11"]
[EventCountry "RUS"]
[SourceTitle "EXT 2022"]
[Source "ChessBase"]
[SourceDate "2021.10.06"]
[SourceVersion "1"]
[SourceVersionDate "2021.10.06"]
[SourceQuality "1"]

1. d4 e6 2. Nf3 d5 3. e3 Nf6 4. Be2 c5 5. dxc5 Bxc5 6. Nc3 0-0 7. a3 a6 8. b4 Bd6 9. Bb2 Nc6 10. 0-0 Qc7 11. b5 Ne5 12. h3 Nxf3+ 13. Bxf3 Be5 14. Qe1 Bd7 15. Be2 Rfc8 16. b6 Qxb6 17. Nxd5 Nxd5 18. Bxe5 Rxc2 19. Rb1 1/2-1/2

[Event "Europe-Asia op"]
[Site "Perm"]
[Date "2008.11.??"]
[Round "6"]
[White "Povarnizyn, Dmitry"]
[Black "Goretov, Andrey Borisovich"]
[Result "1/2-1/2"]
[WhiteElo "2088"]
[BlackElo "2043"]
[PlyCount "32"]
[EventDate "2008.11.10"]
[EventType "swiss"]
[EventRounds "11"]
[EventCountry "RUS"]
[SourceTitle "EXT 2022"]
[Source "ChessBase"]
[SourceDate "2021.10.06"]
[SourceVersion "1"]
[SourceVersionDate "2021.10.06"]
[SourceQuality "1"]

1. c4 c5 2. Nc3 Nc6 3. g3 b6 4. Bg2 Bb7 5. Nf3 Nf6 6. 0-0 e6 7. b3 Be7 8. Bb2 a6 9. Re1 Qc7 10. a3 0-0 11. Bf1 Rfe8 12. d4 cxd4 13. Nxd4 Nxd4 14. Qxd4 Bc5 15. Qh4 d5 16. cxd5 Nxd5 1/2-1/2

[Event "Europe-Asia op"]
[Site "Perm"]
[Date "2008.11.??"]
[Round "4"]
[White "Povarnizyn, Dmitry"]
[Black "Kotchnev, Andrey"]
[Result "1/2-1/2"]
[WhiteElo "2088"]
[BlackElo "2125"]
[PlyCount "68"]
[EventDate "2008.11.10"]
[EventType "swiss"]
[EventRounds "11"]
[EventCountry "RUS"]
[SourceTitle "EXT 2022"]
[Source "ChessBase"]
[SourceDate "2021.10.06"]
[SourceVersion "1"]
[SourceVersionDate "2021.10.06"]
[SourceQuality "1"]

1. e4 e5 2. Nf3 Nc6 3. Bb5 a6 4. Ba4 Nf6 5. d3 b5 6. Bb3 Be7 7. 0-0 0-0 8. c3 d6 9. h3 Na5 10. Bc2 c5 11. Re1 Nc6 12. Nbd2 Qc7 13. Nf1 d5 14. exd5 Nxd5 15. Ng3 Be6 16. a3 Rad8 17. Qe2 Nf4 18. Bxf4 exf4 19. Ne4 h6 20. Rac1 Rd7 21. b4 cxb4 22. cxb4 Qb6 23. Bb1 Nd4 24. Nxd4 Qxd4 25. Nc5 Bxc5 26. Rxc5 Rfd8 27. Rc6 f3 28. gxf3 Bxh3 29. Qe4 Qb2 30. Rxa6 Rd5 31. Ra8 Rg5+ 32. Kh1 Rxa8 33. Qxa8+ Kh7 34. d4+ g6 1/2-1/2